Postacie historyczne według zdjęcia #5 - Statystyki

Ogólne statystyki
  • Ten quiz został rozwiązany 2 611 razy
  • Średni wynik to 10 z 16
Statystyki odpowiedzi
Obrazkowy Hint Odpowiedź % Poprawnych
1867–1935 Józef Piłsudski
92%
1940–2022 Pelé
88%
1942–2016 Muhammad Ali
78%
1732-1798 Stanisław August Poniatowski
78%
1856–1943 Nikola Tesla
76%
1918–2013 Nelson Mandela
75%
1901-1948 Witold Pilecki
69%
1883–1945 Benito Mussolini
67%
1629-1696 Jan III Sobieski
65%
1818–1883 Karol Marks
64%
1931–2022 Michaił Gorbaczow
62%
1685–1750 Jan Sebastian Bach
53%
1842–1910 Maria Konopnicka
38%
1891–1944 Erwin Rommel
36%
1599–1658 Oliver Cromwell
19%
1902–1989 Ruhollah Chomejni
10%
Nie znaleziono quizów pasujących do podanych kryteriów
Rozkład punktacji
Procent ludzi z każdym wynikiem
Percentyl według liczby udzielonych odpowiedzi
Twoja historia wyników
Nie rozwiązałeś tego quizu